Complete the Poem... With a Picture Quiz Stats

 Plays Quiz Updated Oct 5, 2020

     
Support Sporcle.
Go Orange.
Score 0/20 Timer 05:00
1 Play Today
% Correct
All That is GOLD
Does Not Glitter
94.8%
The OWL and the Pussycat
87.8%
i carry your HEART
with me
87.6%
'I taste a LIQUOR
never brewed'
86.8%
Ode on a Grecian URN
85%
Where the SIDEWALK Ends
83.4%
I Wandered Lonely
As a CLOUD
76.7%
The Road Not TAKEN
76.1%
Elegy Written in a
Country CHURCHYARD
75.6%
The Red WHEELBARROW
72.9%
% Correct
O CAPTAIN! My CAPTAIN!
71.3%
Casey at the BAT
68.6%
The Rime of the Ancient
MARINER
65.5%
Caged BIRD
65.1%
In FLANDERS Fields
58.4%
The WASTE Land
57.1%
I, Too, Sing AMERICA
55.8%
The New COLOSSUS
49%
The Ballad of
READING Gaol
43.7%
HARLEM (Dream Deferred)
41.3%

From the Vault

100 Tiny Movie Scenes III

by MrChewypoo

Movies 15m
If you wear glasses, this quiz might be easier if you take them off. If you don't have glasses, you might need them.
Remove Ads.
Support Sporcle.
Get the best of Sporcle when you Go Orange. This ad-free experience offers more features, more stats, and more fun while also helping to support Sporcle. Thank you for becoming a member.

Show Comments

Extras

Top Quizzes Today


Score Distribution

Your Account Isn't Verified!

In order to create a playlist on Sporcle, you need to verify the email address you used during registration. Go to your Sporcle Settings to finish the process.

Report this User

Report this user for behavior that violates our Community Guidelines.

Details: